000 00845nam a2200241 a 4500
001 23064
003 CO-ViMGA
008 141112s2004 ck r 000 u spa d
020 _a9701501152
040 _aCO-ViMGA
_bspa
_cCO-ViMGA
082 0 4 _a658.4034 T141i
100 1 _aTaha, Handy
_933186
245 1 0 _aInvestigaciòn de operaciones
250 _a5ta Ed.
260 _aMéxico :
_bAlfaomega
300 _a960p.
505 _aToma de decisiones en la Investigación de operaciones, Programacion matematica, Programacion lineal formulaciones y solucion grafica, Programacion lineal : Metodo simplex, Programacion lineal : modelo de transporte
650 1 4 _aInvestigación OPERACIONAL
_98221
650 1 4 _aPROGRAMACION ( MATEMATICAS)
_933187
650 1 4 _aPROGRAMACION LINEAL
650 1 4 _aTOMA DE DECISIONES
_9202
942 _2ddc
_cBK
999 _c31345
_d31345